Technique du radiodiagnostic / (Record no. 89954)
[ view plain ]
| 000 -LEADER | |
|---|---|
| campo de control de longitud fija | 00665nam a2200205 i 4500 |
| 001 - NÚMERO DE CONTROL | |
| campo de control | 89954 |
| 003 - IDENTIFICADOR DE NÚMERO DE CONTROL | |
| campo de control | ES-MaACL |
| 005 - FECHA Y HORA DE LA ÚLTIMA TRANSACCIÓN | |
| campo de control | 20250901085904.0 |
| 007 - CAMPO FIJO DE DESCRIPCIÓN FÍSICA--INFORMACIÓN GENERAL | |
| campo de control de longitud fija | t| |
| 008 - DATOS DE LONGITUD FIJA--INFORMACIÓN GENERAL | |
| campo de control de longitud fija | 050117s1943 fr ||||1| fre d |
| 100 1# - ENTRADA PRINCIPAL--NOMBRE DE PERSONA | |
| Nombre de persona | Ledoux-Lebard, René. |
| 9 (RLIN) | 71166 |
| 245 10 - MENCIÓN DEL TÍTULO | |
| Título | Technique du radiodiagnostic / |
| Mención de responsabilidad, etc. | R. Ledoux-Lebard et J. García Calderón. |
| 260 ## - PUBLICACIÓN, DISTRIBUCIÓN, ETC. | |
| Lugar de publicación, distribución, etc. | Paris : |
| Nombre del editor, distribuidor, etc. | Masson et Cie, |
| Fecha de publicación, distribución, etc. | 1943 ( |
| Lugar de fabricación/manufactura | Alençon : |
| Fabricante | Imp. Alenconnaise) |
| 300 ## - DESCRIPCIÓN FÍSICA | |
| Extensión | IV, 877 p. : |
| Otras características físicas | il. ; |
| Dimensiones | 26 cm. |
| 504 ## - NOTA DE BIBLIOGRAFÍA, ETC. | |
| Nota de bibliografía, etc. | Bibliografía: p. [860]-863. |
| 650 #7 - PUNTO DE ACCESO ADICIONAL DE MATERIA--TÉRMINO DE MATERIA | |
| Término de materia o nombre geográfico como elemento de entrada | Radiografía |
| Fuente del encabezamiento o término | embne |
| 9 (RLIN) | 16670 |
| 700 1# - ENTRADA AGREGADA--NOMBRE PERSONAL | |
| Nombre de persona | Garcia-Caldéron, Jean. |
| 9 (RLIN) | 54316 |
| 852 ## - LOCALIZACIÓN | |
| Ubicación | ES-MaACL |
| Número de control de estantería | E-2061 |
| Sublocalización o colección | R.23193 |
| Estatus retirado | Estado de pérdida | Estado de daño | No para préstamo | Biblioteca de origen | Biblioteca actual | Ubicación en estantería | Fecha de adquisición | Fuente de adquisición | Total de préstamos | Signatura topográfica completa | Código de barras | Visto por última vez | Precio de reemplazo | Tipo de ítem Koha |
|---|---|---|---|---|---|---|---|---|---|---|---|---|---|---|
| Biblioteca del Ateneo de Madrid | Biblioteca del Ateneo de Madrid | Depósito 2 | 17/01/2008 | E-2061 | 1093940 | 23/02/2023 | 23/02/2023 | Libro impreso |
